[Event "16ème Open de Saint Affrique"]
[Site "Saint Affrique"]
[Date "2008.07.20"]
[Round "2.80"]
[White "Vyvyan, Philippe"]
[Black "Boyette, Pierre"]
[Result "0-1"]
[WhiteElo "1756"]
[BlackElo "1320"]
[PlyCount "110"]
[EventDate "2008.??.??"]

1. e4 c5 2. c3 g6 3. d4 Bg7 4. Nf3 cxd4 5. cxd4 d5 6. e5 f6 7. Nc3 fxe5 8. dxe5
e6 9. Nb5 Bf8 10. a3 a6 11. Bg5 Qb6 12. Be3 Qd8 13. Nc3 Nc6 14. Be2 Bg7 15. Bf4
Nge7 16. Bd3 O-O 17. Qd2 Nf5 18. O-O Ncd4 19. Nxd4 Nxd4 20. Ne2 Nb3 21. Qe3
Nxa1 22. Rxa1 Bd7 23. Bg5 Qc7 24. f4 Bc6 25. Nd4 Qb6 26. b4 Ba4 27. Be7 Rfe8
28. Bc5 Qc7 29. Nf3 Bf8 30. Bd4 Bh6 31. g4 Bb5 32. Rc1 Qd7 33. Bb1 Rac8 34. Re1
Rf8 35. g5 Bg7 36. h4 Qf7 37. f5 exf5 38. Qf4 Qe6 39. Bc5 Rfe8 40. Bd4 Qc6 41.
Nd2 Rc7 42. Kf2 b6 43. Rh1 Rce7 44. Nf3 Qc7 45. Kg3 Be2 46. Re1 Bxf3 47. Kxf3
Bxe5 48. Bxe5 Rxe5 49. Kf2 Qc3 50. Rxe5 Qxe5 51. Qxe5 Rxe5 52. Kf3 Kf7 53. Ba2
Ke6 54. Bb3 Re4 55. h5 gxh5 0-1

[Event "16ème Open de Saint Affrique"]
[Site "Saint Affrique"]
[Date "2008.07.21"]
[Round "3.1"]
[White "Forthofer, Robert"]
[Black "Sikula, Vaszilij"]
[Result "0-1"]
[WhiteElo "2243"]
[BlackElo "2540"]
[PlyCount "58"]
[EventDate "2008.??.??"]

1. e4 c5 2. Nf3 e6 3. d4 cxd4 4. Nxd4 a6 5. Nc3 Qc7 6. Bd3 Nf6 7. f4 b5 8. e5
b4 9. Ncb5 axb5 10. exf6 gxf6 11. Qe2 Bc5 12. Nf5 Bb7 13. Be3 Bxe3 14. Qxe3 Nc6
15. Ng7+ Kf8 16. Nh5 f5 17. g4 fxg4 18. Qc5+ d6 19. Qg5 Qd8 20. Qh6+ Ke7 21.
Bxb5 Kd7 22. O-O-O Kc7 23. Kb1 Na7 24. Be2 Bxh1 25. Rxh1 Qh4 26. c3 Rag8 27.
Bd3 g3 28. cxb4 g2 29. Rc1+ Kb8 0-1

[Event "16ème Open de Saint Affrique"]
[Site "Saint Affrique"]
[Date "2008.07.21"]
[Round "3.2"]
[White "Sanchez, Nicolas"]
[Black "Janev, Evgeni"]
[Result "0-1"]
[WhiteElo "2229"]
[BlackElo "2502"]
[PlyCount "108"]
[EventDate "2008.??.??"]

1. d4 Nf6 2. c4 c5 3. d5 e6 4. Nc3 exd5 5. cxd5 d6 6. e4 a6 7. a4 g6 8. Nf3 Bg4
9. Be2 Bxf3 10. Bxf3 Bg7 11. O-O O-O 12. Be2 Re8 13. f3 Nbd7 14. Be3 Rb8 15.
Qd2 Ne5 16. a5 Qe7 17. Ra4 Rec8 18. g4 Nfd7 19. b3 b5 20. axb6 Rxb6 21. Rb1
Nxf3+ 22. Bxf3 Qf6 23. Be2 Qxc3 24. Qxc3 Bxc3 25. Bxa6 Re8 26. h3 Nf6 27. Bd3
Rb4 28. Bf4 Rb6 29. Kg2 Bd4 30. Kf3 h5 31. g5 Nd7 32. Ra7 Re7 33. Ra8+ Kg7 34.
Bc4 f6 35. Rf1 fxg5 36. Bxg5 Bf6 37. Bf4 Rf7 38. Ke2 Ne5 39. Bxe5 Bxe5 40. Rf3
Rxf3 41. Kxf3 Rb7 42. Ra2 Kf6 43. h4 Bd4 44. Rg2 Rf7 45. Ke2 Kg7 46. Bd3 Be5
47. Rf2 Ra7 48. Kf3 Ra3 49. Bc4 Bd4 50. Re2 Ra1 51. Kg2 Rg1+ 52. Kh2 Rg4 53.
Kh3 Bf6 54. e5 Rxh4+ 0-1

[Event "16ème Open de Saint Affrique"]
[Site "Saint Affrique"]
[Date "2008.07.21"]
[Round "3.3"]
[White "Gozzoli, Yannick"]
[Black "Remille, Tristan"]
[Result "1-0"]
[WhiteElo "2502"]
[BlackElo "2185"]
[PlyCount "69"]
[EventDate "2008.??.??"]

1. d4 d5 2. Nf3 Nf6 3. c4 c6 4. Nc3 e6 5. Bg5 Nbd7 6. e3 Qa5 7. cxd5 Nxd5 8.
Qd2 Bb4 9. Rc1 h6 10. Bh4 c5 11. Bd3 b6 12. O-O Ba6 13. a3 Bxc3 14. bxc3 O-O
15. Bxa6 Qxa6 16. e4 N5f6 17. e5 Nh7 18. d5 Qc4 19. dxe6 Qxe6 20. Rfe1 Rfe8 21.
Rcd1 Ndf8 22. Qc2 Qg4 23. h3 Qh5 24. Rd6 Ng5 25. Bxg5 hxg5 26. g4 Qxh3 27. Qf5
Ne6 28. Nxg5 Nxg5 29. Qxg5 Qxc3 30. Re3 Qa1+ 31. Kg2 c4 {#} 32. Rh6 Qb1 33.
Reh3 Qe4+ 34. Kh2 f6 35. exf6 1-0

[Event "16ème Open de Saint Affrique"]
[Site "Saint Affrique"]
[Date "2008.07.21"]
[Round "3.4"]
[White "Picard, Clement"]
[Black "Riff, Jean-Noel"]
[Result "0-1"]
[WhiteElo "2204"]
[BlackElo "2481"]
[PlyCount "102"]
[EventDate "2008.??.??"]

1. e4 c5 2. Nf3 d6 3. d4 Nf6 4. Nc3 cxd4 5. Nxd4 e6 6. Be2 Be7 7. O-O O-O 8.
Be3 Nc6 9. f4 Qc7 10. Kh1 Nxd4 11. Bxd4 e5 12. Be3 exf4 13. Bxf4 Be6 14. Qd3
Rac8 15. Qg3 Kh8 16. Rad1 Rfd8 17. e5 dxe5 18. Bxe5 Qc5 19. Bd3 Ng4 20. Bf4 Qb6
21. h3 Nf6 22. Be5 Ne8 23. Ne2 Bf6 24. Bxf6 Nxf6 25. b3 Nd5 26. Qh4 h6 27. Rf3
Nb4 28. a3 Nxd3 29. Rfxd3 Rxd3 30. Rxd3 Bf5 31. Rc3 Rxc3 32. Nxc3 Bxc2 33. b4
Qd6 34. Qc4 Qd3 35. Qc7 Kh7 36. Kh2 Bb3 37. Kh1 f6 38. Kh2 Qe3 39. Qg3 Qxg3+
40. Kxg3 g5 41. Kf3 Bc4 42. g3 Kg6 43. Nd1 Bd5+ 44. Ke3 f5 45. Nf2 Kf6 46. Kd4
Bg2 47. h4 f4 48. Ng4+ Kf5 49. Nxh6+ Kg6 50. hxg5 fxg3 51. Ke5 Bh3 0-1

[Event "16ème Open de Saint Affrique"]
[Site "Saint Affrique"]
[Date "2008.07.21"]
[Round "3.5"]
[White "Libiszewski, Fabien"]
[Black "Lecoq, Julien"]
[Result "1-0"]
[WhiteElo "2475"]
[BlackElo "2160"]
[PlyCount "53"]
[EventDate "2008.??.??"]

1. e4 c5 2. Nf3 Nc6 3. Nc3 g6 4. Bb5 Bg7 5. O-O Nf6 6. Re1 O-O 7. e5 Ne8 8.
Bxc6 dxc6 9. d3 Bg4 10. Re4 Bxf3 11. Qxf3 Nc7 12. Qh3 Qc8 13. Qh4 Qd7 14. Bh6
Rad8 15. Rae1 Ne6 16. Bxg7 Kxg7 17. Ne2 b5 18. Re3 h6 19. c3 a5 20. Ng3 b4 21.
f4 bxc3 22. bxc3 Rb8 {#} 23. Nf5+ gxf5 24. Rg3+ Ng5 25. Rxg5+ hxg5 26. Qxg5+
Kh7 27. Re3 1-0

[Event "16ème Open de Saint Affrique"]
[Site "Saint Affrique"]
[Date "2008.07.21"]
[Round "3.6"]
[White "Guennoun, Anthony"]
[Black "Okhotnik, Vladimir"]
[Result "0-1"]
[WhiteElo "2178"]
[BlackElo "2468"]
[PlyCount "64"]
[EventDate "2008.??.??"]

1. e4 c6 2. d4 d5 3. e5 g6 4. Nf3 Bg7 5. Be2 Bg4 6. O-O Nh6 7. Nbd2 f6 8. h3
Bxf3 9. Nxf3 O-O 10. Bf4 Nf7 11. exf6 exf6 12. c4 Qb6 13. c5 Qd8 14. b4 f5 15.
a4 g5 16. Bh2 Nd7 17. Qd2 Qf6 18. Rad1 Rfe8 19. Ne1 Qxd4 20. Qxd4 Bxd4 21. Bd3
Nh6 22. Nc2 Bg7 23. Bd6 f4 24. b5 Nf7 25. Bf5 Nde5 26. bxc6 Nxd6 27. cxd6 bxc6
28. g3 Rad8 29. gxf4 gxf4 30. Kh1 Rxd6 31. Rg1 Rf6 32. Bg4 Nxg4 0-1

[Event "16ème Open de Saint Affrique"]
[Site "Saint Affrique"]
[Date "2008.07.21"]
[Round "3.7"]
[White "Karpatchev, Aleksandr"]
[Black "Julian, Stephane"]
[Result "1-0"]
[WhiteElo "2460"]
[BlackElo "2159"]
[PlyCount "45"]
[EventDate "2008.??.??"]

1. e4 c5 2. c3 Nf6 3. e5 Nd5 4. d4 cxd4 5. cxd4 d6 6. Bc4 e6 7. Qe2 Be7 8. Nf3
O-O 9. O-O Nc6 10. Rd1 Qc7 11. Bd2 f5 12. Bxd5 exd5 13. Nc3 Qa5 14. Bg5 Bxg5
15. Nxg5 h6 16. Nf3 dxe5 17. Nxe5 Qd8 18. Qb5 Ne7 19. Re1 a6 20. Qb3 Rf6 21.
Nd3 Rb6 22. Qa3 Nc6 23. Qc5 1-0

[Event "16ème Open de Saint Affrique"]
[Site "Saint Affrique"]
[Date "2008.07.21"]
[Round "3.8"]
[White "Buscara, Sevan"]
[Black "Inkiov, Ventzislav"]
[Result "1/2-1/2"]
[WhiteElo "2159"]
[BlackElo "2446"]
[PlyCount "192"]
[EventDate "2008.??.??"]

1. d4 Nf6 2. Nf3 e6 3. Bf4 b6 4. e3 Bb7 5. Bd3 c5 6. c3 Nc6 7. h3 d5 8. Nbd2
Bd6 9. Ne5 Qc7 10. Ndf3 O-O 11. O-O Ne4 12. Bxe4 dxe4 13. Ng5 Nxe5 14. dxe5 Be7
15. h4 h6 16. Nh3 Rfd8 17. Qg4 Kh8 18. Rfd1 Rd3 19. Bg3 Rad8 20. Nf4 Rd2 21. b3
a5 22. c4 Bf8 23. Nh5 Qd7 24. Rdc1 Bc6 25. a4 Qd3 26. Rab1 Qe2 27. Qxe2 Rxe2
28. Rd1 Red2 29. Rxd2 Rxd2 30. Kf1 Be7 31. Ke1 Ra2 32. Nf4 Be8 33. Kd1 f6 34.
Nxe6 Bf7 35. Nc7 fxe5 36. Ke1 Kh7 37. Na8 Bd8 38. Bxe5 Bxh4 39. g3 Bd8 40. Rd1
Bh5 41. Rxd8 Re2+ 42. Kf1 Rc2 43. g4 Bxg4 44. Kg2 Bf3+ 45. Kg3 g5 46. Rd7+ Kg6
47. Rd6+ Kh7 48. Nxb6 Rc1 49. Nd7 Rg1+ 50. Kh3 Rh1+ 51. Bh2 h5 52. Nxc5 g4+ 53.
Kg3 h4+ 54. Kxh4 Rxh2+ 55. Kg3 Rg2+ 56. Kf4 Rxf2 57. Nxe4 Bxe4+ 58. Kxe4 Rb2
59. Rd5 Rxb3 60. Rxa5 Rb4 61. Rc5 Rxa4 62. Kf4 Ra3 63. Re5 Rc3 64. Re4 Kg6 65.
Kxg4 Kf6 66. Kf4 Rc1 67. Rd4 Ke6 68. Ke4 Rc3 69. Kf3 Rc2 70. Rh4 Kd6 71. Rh6+
Kc5 72. Rh8 Kd6 73. Rd8+ Ke6 74. Re8+ Kd6 75. Re4 Kc5 76. Kf4 Rf2+ 77. Ke5 Rf3
78. Ke6 Rf8 79. Ke7 Rf3 80. Kd8 Rf8+ 81. Kc7 Rf7+ 82. Kc8 Rf8+ 83. Kb7 Rf7+ 84.
Kc8 Rf8+ 85. Kd7 Rf7+ 86. Ke6 Rf8 87. Ke7 Rf3 88. Re6 Kxc4 89. e4 Kd4 90. e5
Ra3 91. Kf7 Kd5 92. Re8 Rf3+ 93. Kg6 Rf1 94. e6 Kd6 95. e7 Kd7 96. Rf8 Rg1+
1/2-1/2

[Event "16ème Open de Saint Affrique"]
[Site "Saint Affrique"]
[Date "2008.07.21"]
[Round "3.9"]
[White "Monroy, Charles"]
[Black "Dijoux, Frederic"]
[Result "1-0"]
[WhiteElo "2393"]
[BlackElo "2124"]
[PlyCount "83"]
[EventDate "2008.??.??"]

1. Nf3 f5 2. d4 e6 3. c4 Nf6 4. g3 d5 5. Bg2 c6 6. O-O Bd6 7. b3 Qe7 8. Bb2 b6
9. Qc1 Bb7 10. Ba3 Nbd7 11. Bxd6 Qxd6 12. Qb2 O-O 13. e3 Ne4 14. Nbd2 Rac8 15.
Rfd1 c5 16. Rac1 Rfd8 17. a3 Qe7 18. cxd5 exd5 19. Nb1 Nd6 20. Nc3 c4 21. Nd2
Nf6 22. bxc4 Nxc4 23. Nxc4 dxc4 24. Bxb7 Qxb7 25. a4 Ne4 26. Qb5 Ng5 27. Qxf5
Nf3+ 28. Kf1 Nxh2+ 29. Ke2 Rc6 30. Rh1 Rf6 31. Qe4 Qxe4 32. Nxe4 Rh6 33. Rxc4
Rd7 34. Ng5 Kf8 35. Rc8+ Ke7 36. Rh8 Rd5 37. Ne4 Ra5 38. Nc3 a6 39. Rb8 Kd7 40.
Rb7+ Kc6 41. Rxg7 b5 42. Rg5 1-0

[Event "16ème Open de Saint Affrique"]
[Site "Saint Affrique"]
[Date "2008.07.21"]
[Round "3.10"]
[White "Delorme, Laurie"]
[Black "Borsos, Bogdan"]
[Result "0-1"]
[WhiteElo "2155"]
[BlackElo "2377"]
[PlyCount "70"]
[EventDate "2008.??.??"]

1. d4 d6 2. c4 e5 3. d5 f5 4. e4 Be7 5. Nc3 Nf6 6. Bd3 O-O 7. exf5 Na6 8. Nge2
Nc5 9. Bc2 a5 10. O-O Kh8 11. f4 c6 12. fxe5 dxe5 13. h3 cxd5 14. cxd5 b5 15.
d6 Bxd6 16. Nxb5 Be7 17. Qxd8 Rxd8 18. Nec3 Nd3 19. Be3 Nxb2 20. Bb6 Rd2 21.
Rf2 Rd7 22. Re2 Ba6 23. a4 Bb4 24. Ne4 Nd5 25. Bc5 Nf4 26. Re3 Nc4 27. Rb3 Nd2
28. Nxd2 Bxc5+ 29. Kh2 Rxd2 30. Nc7 Rxg2+ 31. Kh1 Rxc2 32. Nxa8 h5 33. Rb8+ Kh7
34. Nc7 Bd3 35. Re1 Bd6 0-1

[Event "16ème Open de Saint Affrique"]
[Site "Saint Affrique"]
[Date "2008.07.21"]
[Round "3.13"]
[White "Milliet, Sophie"]
[Black "Houard, Yannick"]
[Result "0-1"]
[WhiteElo "2357"]
[BlackElo "2123"]
[PlyCount "108"]
[EventDate "2008.??.??"]

1. e4 e6 2. d4 d5 3. Nc3 Nf6 4. e5 Nfd7 5. f4 c5 6. Nf3 Nc6 7. Be3 Qb6 8. Na4
Qa5+ 9. c3 c4 10. b4 Qc7 11. Be2 Be7 12. O-O f5 13. exf6 Nxf6 14. Ne5 O-O 15.
Qc2 b6 16. Nb2 Bd7 17. Bf3 Be8 18. Qe2 Rc8 19. g4 Nxe5 20. dxe5 Ne4 21. Bxe4
dxe4 22. Bd4 e3 23. Qxe3 Bc6 24. f5 Qd7 25. f6 Qd5 26. Qh3 gxf6 27. exf6 Bxf6
28. Rxf6 Rxf6 29. Bxf6 Qh1+ 30. Kf2 Qxa1 31. g5 Qxb2+ 32. Kg3 Qg2+ 33. Qxg2
Bxg2 34. Kxg2 Kf7 35. Kf3 Rc7 36. Ke4 Rd7 37. Bd4 Rd5 38. h4 Kg6 39. a4 Kh5 40.
Bf6 Rd3 41. b5 Rd5 42. Be7 Kg4 43. Bf6 Rd3 44. Be5 Kxh4 45. Bb8 Rd7 46. Ke5
Kxg5 47. Kxe6 Rb7 48. Bh2 h5 49. Kd5 h4 50. Kxc4 Rd7 51. Kb4 h3 52. a5 Rd2 53.
axb6 axb6 54. Bg1 Kf5 0-1

[Event "16ème Open de Saint Affrique"]
[Site "Saint Affrique"]
[Date "2008.07.21"]
[Round "3.29"]
[White "Mania, Clement"]
[Black "Flear, Christine"]
[Result "1-0"]
[WhiteElo "1967"]
[BlackElo "2133"]
[PlyCount "69"]
[EventDate "2008.??.??"]

1. Nc3 c5 2. e4 a6 3. g3 b5 4. Bg2 Bb7 5. f4 e6 6. d3 Nf6 7. Nf3 d6 8. O-O Be7
9. h3 Qc7 10. g4 Nc6 11. Be3 Rc8 12. g5 Nd7 13. f5 Nde5 14. fxe6 fxe6 15. Nxe5
Nxe5 16. Bf4 O-O 17. Bxe5 Rxf1+ 18. Bxf1 dxe5 19. Qg4 Qd6 20. h4 Rf8 21. Ne2 c4
22. dxc4 Qb6+ 23. Kh1 bxc4 24. b3 a5 25. Bh3 Qe3 26. Ng3 Rf4 27. Qxe6+ Kf8 28.
Rg1 Bxe4+ 29. Kh2 {#} 29... Qf2+ 30. Rg2 Bxg2 31. Qc8+ Kf7 32. Be6+ Kg6 33.
Qe8+ Rf7 34. Bxf7+ Qxf7 35. h5+ 1-0

[Event "16ème Open de Saint Affrique"]
[Site "Saint Affrique"]
[Date "2008.07.21"]
[Round "3.39"]
[White "Galby, Vassili"]
[Black "Grignon, Maxime"]
[Result "0-1"]
[WhiteElo "2086"]
[BlackElo "1830"]
[PlyCount "58"]
[EventDate "2008.??.??"]

1. Nf3 Nf6 2. c4 c6 3. Nc3 d5 4. d4 a6 5. a4 e6 6. Bg5 a5 7. e3 Be7 8. Rc1 O-O
9. Bd3 Na6 10. O-O Nb4 11. Bb1 b6 12. b3 Ba6 13. Qe2 c5 14. Rfd1 cxd4 15. exd4
Rc8 16. Ne5 dxc4 17. bxc4 Qc7 18. Bxf6 Bxf6 19. Bxh7+ Kxh7 20. Qh5+ Kg8 21. Ne4
Bxe5 22. dxe5 Rfd8 23. Nf6+ gxf6 24. exf6 Qf4 25. Rc3 Qxf6 26. Rg3+ Kf8 27.
Rxd8+ Rxd8 28. h4 Rd4 29. Rf3 Rxh4 0-1

[Event "16ème Open de Saint Affrique"]
[Site "Saint Affrique"]
[Date "2008.07.21"]
[Round "3.44"]
[White "Loiseau, Quentin"]
[Black "Eden, James"]
[Result "0-1"]
[WhiteElo "2028"]
[BlackElo "1810"]
[PlyCount "112"]
[EventDate "2008.??.??"]

1. Nf3 d5 2. d4 Nf6 3. c4 e6 4. g3 Be7 5. Bg2 O-O 6. O-O c5 7. cxd5 Nxd5 8. e4
Nf6 9. Nc3 Nc6 10. d5 exd5 11. exd5 Nb4 12. Ne5 Bd6 13. Nc4 Bf5 14. Ne3 Bd3 15.
Re1 Ba6 16. Qb3 Qd7 17. a3 Nd3 18. Rd1 Rfe8 19. Qc2 Ne5 20. Ne4 Nxe4 21. Bxe4
g6 22. b3 f5 23. Bg2 f4 24. gxf4 Ng4 25. h3 Nh6 26. f5 Nxf5 27. Bb2 Nh4 28. Qc3
Be5 29. Qxe5 Rxe5 30. Bxe5 Nxg2 31. Kxg2 Re8 32. Ng4 Kf7 33. f4 Qb5 34. Rd2
Qxb3 35. d6 Bd3 36. Nf6 Rd8 37. Rb2 Qc4 38. Rxb7+ Ke6 39. Re7+ Kf5 40. Nxh7
Qe4+ 41. Kf2 Qe2+ 42. Kg3 Qe3+ 43. Kg2 Be4+ 44. Kf1 Qxh3+ 45. Ke2 Qf3+ 46. Ke1
Qe3+ 47. Kf1 Qh3+ 48. Kf2 Qg2+ 49. Ke3 Qf3+ 50. Kd2 Qf2+ 51. Kd1 Bf3+ 52. Kc1
Qe1+ 53. Kc2 Be4+ 54. Kb3 Rb8+ 55. Kc4 Qe2+ 56. Kxc5 Rb5+ 0-1

[Event "16ème Open de Saint Affrique"]
[Site "Saint Affrique"]
[Date "2008.07.21"]
[Round "4.1"]
[White "Sikula, Vaszilij"]
[Black "Monroy, Charles"]
[Result "1/2-1/2"]
[WhiteElo "2540"]
[BlackElo "2393"]
[PlyCount "68"]
[EventDate "2008.??.??"]

1. e4 d6 2. d4 Nf6 3. Nc3 e5 4. Nf3 Nbd7 5. Bc4 Be7 6. O-O O-O 7. Re1 c6 8. a4
b6 9. d5 cxd5 10. Nxd5 Bb7 11. b3 Rc8 12. Re2 Nc5 13. Nxf6+ Bxf6 14. Bd5 Bxd5
15. Qxd5 Qd7 16. Ba3 Rfd8 17. Rd1 Ne6 18. Red2 Nd4 19. Nxd4 exd4 20. Qb5 d5 21.
exd5 Qxd5 22. Qxd5 Rxd5 23. c4 Rd7 24. Kf1 a6 25. Ke2 b5 26. Kd3 Rb7 27. axb5
axb5 28. c5 b4 29. Bb2 Rxc5 30. Bxd4 Bxd4 31. Kxd4 Rc6 32. Kd5 Rc3 33. Rd3 Rc2
34. Ke4 g6 1/2-1/2

[Event "16ème Open de Saint Affrique"]
[Site "Saint Affrique"]
[Date "2008.07.21"]
[Round "4.2"]
[White "Janev, Evgeni"]
[Black "Borsos, Bogdan"]
[Result "1/2-1/2"]
[WhiteElo "2502"]
[BlackElo "2377"]
[PlyCount "75"]
[EventDate "2008.??.??"]

1. e4 e5 2. Nf3 Nc6 3. Bb5 a6 4. Bxc6 dxc6 5. Nc3 f6 6. d4 exd4 7. Nxd4 c5 8.
Nde2 Qxd1+ 9. Nxd1 Be6 10. Bf4 O-O-O 11. Ne3 Ne7 12. Rd1 g5 13. Rxd8+ Kxd8 14.
Bg3 f5 15. Be5 Rg8 16. f4 fxe4 17. O-O gxf4 18. Nxf4 Bf7 19. Ne2 Be6 20. Nc3
Bh6 21. Bf4 Bg7 22. Nxe4 Bxb2 23. Nxc5 Bxa2 24. Rd1+ Kc8 25. Rd7 {#} 25... b6
26. Rxc7+ Kd8 27. Nb7+ Ke8 28. Nd6+ Kd8 29. Nb7+ Ke8 30. c3 Rg6 31. Bd6 Re6 32.
Ng4 Nd5 33. Rxh7 Bxc3 34. h4 Bb1 35. Rh5 Be4 36. Bg3 Nf4 37. Bxf4 Bxb7 38. Ne5
1/2-1/2

[Event "16ème Open de Saint Affrique"]
[Site "Saint Affrique"]
[Date "2008.07.21"]
[Round "4.3"]
[White "Shoker, Samy"]
[Black "Gozzoli, Yannick"]
[Result "1/2-1/2"]
[WhiteElo "2365"]
[BlackElo "2502"]
[PlyCount "21"]
[EventDate "2008.??.??"]

1. g3 g6 2. Bg2 Bg7 3. d4 d5 4. Nf3 Nf6 5. O-O O-O 6. c4 c6 7. cxd5 cxd5 8. Nc3
Ne4 9. Nxe4 dxe4 10. Ng5 Qxd4 11. Qxd4 1/2-1/2

[Event "16ème Open de Saint Affrique"]
[Site "Saint Affrique"]
[Date "2008.07.21"]
[Round "4.4"]
[White "Riff, Jean-Noel"]
[Black "Manouck, Thierry"]
[Result "1-0"]
[WhiteElo "2481"]
[BlackElo "2358"]
[PlyCount "67"]
[EventDate "2008.??.??"]

1. e4 d6 2. d4 Nf6 3. Nc3 Nbd7 4. g4 h6 5. h3 e5 6. Nge2 b5 7. a3 Bb7 8. Bg2 a6
9. O-O c5 10. dxe5 dxe5 11. Ng3 g6 12. Be3 Nb6 13. Qf3 Be7 14. Rad1 Qc7 15. Qe2
Rd8 16. Rxd8+ Bxd8 17. Rd1 Be7 18. b3 h5 19. g5 Nfd7 20. Nd5 Bxd5 21. exd5 c4
22. Ne4 Bd6 23. h4 O-O 24. Bh3 Kg7 25. Qf3 Rd8 26. b4 Na4 27. Rd2 Ndb6 28. c3
Qe7 29. Nxd6 Rxd6 30. Bc5 Nd7 31. Bxd6 Qxd6 32. Bxd7 Qxd7 33. d6 Kf8 34. Kh2
1-0

[Event "16ème Open de Saint Affrique"]
[Site "Saint Affrique"]
[Date "2008.07.21"]
[Round "4.5"]
[White "Mullon, Jean-Baptiste"]
[Black "Libiszewski, Fabien"]
[Result "1/2-1/2"]
[WhiteElo "2336"]
[BlackElo "2475"]
[PlyCount "44"]
[EventDate "2008.??.??"]

1. e4 c6 2. d4 d5 3. Nc3 dxe4 4. Nxe4 Bf5 5. Ng3 Bg6 6. h4 h6 7. Nf3 Nd7 8. h5
Bh7 9. Bd3 Bxd3 10. Qxd3 e6 11. Bf4 Qa5+ 12. Bd2 Bb4 13. Ne4 Ngf6 14. Nd6+ Ke7
15. Nxb7 Bxd2+ 16. Nxd2 Qb4 17. Qb3 Qxd4 18. O-O-O c5 19. Qg3 Qb4 20. Qd6+ Ke8
21. Qc6 Ke7 22. Qd6+ Ke8 1/2-1/2

[Event "16ème Open de Saint Affrique"]
[Site "Saint Affrique"]
[Date "2008.07.21"]
[Round "4.6"]
[White "Okhotnik, Vladimir"]
[Black "Lagarde, Maxime"]
[Result "1-0"]
[WhiteElo "2468"]
[BlackElo "2322"]
[PlyCount "85"]
[EventDate "2008.??.??"]

1. d4 Nf6 2. Nf3 g6 3. Nc3 d5 4. Bf4 Bg7 5. e3 O-O 6. Be2 a6 7. Ne5 Nbd7 8. h4
h5 9. f3 e6 10. Qd2 Nxe5 11. dxe5 Nd7 12. Bg5 Qe8 13. f4 b5 14. g4 Bb7 15. Rg1
hxg4 16. Bxg4 f6 17. exf6 Nxf6 18. Bxf6 Rxf6 19. O-O-O c5 20. h5 b4 21. Ne2 a5
22. Bf3 c4 23. Nd4 c3 24. Qh2 cxb2+ 25. Kb1 a4 26. Rxg6 Rxg6 27. hxg6 b3 28.
Qh7+ Kf8 {#} 29. f5 exf5 30. Rf1 Qxe3 31. Qxg7+ Kxg7 32. Nxf5+ Kxg6 33. Nxe3 a3
34. axb3 Ra5 35. Ka2 Kg5 36. Bxd5 Ba6 37. c4 Bc8 38. b4 Ra4 39. b5 Bh3 40. Re1
Kf4 41. b6 Kg3 42. b7 Rb4 43. Nc2 1-0

[Event "16ème Open de Saint Affrique"]
[Site "Saint Affrique"]
[Date "2008.07.21"]
[Round "4.7"]
[White "Saada, Julien"]
[Black "Karpatchev, Aleksandr"]
[Result "0-1"]
[WhiteElo "2281"]
[BlackElo "2460"]
[PlyCount "28"]
[EventDate "2008.??.??"]

1. d4 d5 2. c4 Nc6 3. Nf3 Bg4 4. Nc3 e6 5. Bf4 Nf6 6. e3 Bb4 7. Rc1 Qe7 8. Be2
dxc4 9. Bxc4 O-O-O 10. Qc2 Bxf3 11. gxf3 {#} 11... Nxd4 12. Qa4 e5 13. Bg3 Kb8
14. Be2 Nd5 0-1

[Event "16ème Open de Saint Affrique"]
[Site "Saint Affrique"]
[Date "2008.07.21"]
[Round "4.8"]
[White "Houard, Yannick"]
[Black "Philippe, Christophe"]
[Result "1/2-1/2"]
[WhiteElo "2123"]
[BlackElo "2442"]
[PlyCount "71"]
[EventDate "2008.??.??"]

1. e4 c5 2. Nf3 e6 3. d4 cxd4 4. Nxd4 Nc6 5. Nb5 d6 6. Bf4 e5 7. Be3 a6 8. N5c3
Nf6 9. Bg5 Be7 10. Bxf6 Bxf6 11. Nd2 O-O 12. Nc4 b5 13. Qxd6 bxc4 14. Qxc6 Be6
15. Be2 Rb8 16. Rb1 Bg5 17. O-O Rb6 18. Qa4 Qb8 19. Nd5 Bxd5 20. exd5 c3 21. b3
Qd6 22. Rbd1 Bd2 23. Qa5 Rc8 24. Rxd2 Rc5 25. Qa4 cxd2 26. c4 Rc8 27. Rd1 e4
28. Qa5 f5 29. Rxd2 Kf7 30. g3 g6 31. Rd1 h5 32. Qd2 Rbb8 33. Qc3 Qf6 34. Qe3
Qd6 35. Qc3 Qf6 36. Qe3 1/2-1/2

[Event "16ème Open de Saint Affrique"]
[Site "Saint Affrique"]
[Date "2008.07.21"]
[Round "4.9"]
[White "Laclau, Daniel"]
[Black "Degraeve, Jean-Marc"]
[Result "0-1"]
[WhiteElo "2269"]
[BlackElo "2523"]
[PlyCount "66"]
[EventDate "2008.??.??"]

1. d4 Nf6 2. Nf3 g6 3. c4 c5 4. d5 d6 5. Nc3 Bg7 6. e4 O-O 7. Bd3 Bg4 8. h3
Bxf3 9. Qxf3 e6 10. O-O exd5 11. cxd5 a6 12. a4 Nbd7 13. Qd1 Re8 14. Re1 Rc8
15. Bg5 h6 16. Be3 Ne5 17. Bf1 g5 18. Qd2 Ng6 19. f3 Nh5 20. a5 Be5 21. Na4 Qf6
22. Rab1 Bg3 23. Bf2 Bf4 24. Qc3 Be5 25. Qd2 Bf4 26. Qc3 Ne5 27. Nb6 Rc7 28. b4
c4 29. Bd4 Bg3 30. Rec1 Qf4 {#} 31. Bxc4 Bh2+ 32. Kf1 Ng3+ 33. Ke1 Nxc4 (33...
Nxc4 34. Nxc4 Rxe4+ 35. fxe4 Qf1+ 36. Kd2 Qe2#) 0-1

[Event "16ème Open de Saint Affrique"]
[Site "Saint Affrique"]
[Date "2008.07.21"]
[Round "4.10"]
[White "Inkiov, Ventzislav"]
[Black "Palleja, Xavier"]
[Result "1-0"]
[WhiteElo "2446"]
[BlackElo "2268"]
[PlyCount "31"]
[EventDate "2008.??.??"]

1. d4 e6 2. c4 c5 3. d5 exd5 4. cxd5 d6 5. Nc3 g6 6. e4 Bg7 7. f4 a6 8. Nf3 b5
9. e5 Ne7 10. a4 b4 11. Ne4 dxe5 12. fxe5 O-O 13. Bc4 Nd7 14. d6 Nxe5 15. Nxe5
Bxe5 16. Bg5 {#} 1-0

[Event "16ème Open de Saint Affrique"]
[Site "Saint Affrique"]
[Date "2008.07.21"]
[Round "4.29"]
[White "Devecchi, Jorge"]
[Black "Delorme, Laurie"]
[Result "1-0"]
[WhiteElo "1938"]
[BlackElo "2155"]
[PlyCount "49"]
[EventDate "2008.??.??"]

1. e4 e5 2. Nf3 Nc6 3. d4 exd4 4. Bc4 Nf6 5. e5 d5 6. Bb5 Ne4 7. Nxd4 Bc5 8.
O-O Bd7 9. Bxc6 bxc6 10. f3 Ng5 11. Be3 Bb6 12. f4 Ne4 13. Nd2 Nxd2 14. Qxd2
O-O 15. Nb3 Bxe3+ 16. Qxe3 Qe7 17. f5 Rfd8 18. c3 Qh4 19. Rf4 Qh6 20. Qf2 g6
21. Qg3 Qh5 22. Re1 g5 23. e6 fxe6 24. fxe6 Be8 25. e7 1-0

[Event "16ème Open de Saint Affrique"]
[Site "Saint Affrique"]
[Date "2008.07.21"]
[Round "4.34"]
[White "Cazottes, Guillaume"]
[Black "Sibirko, Ivan"]
[Result "1-0"]
[WhiteElo "1828"]
[BlackElo "2124"]
[PlyCount "105"]
[EventDate "2008.??.??"]

1. e4 e6 2. d4 d5 3. exd5 exd5 4. Bd3 Nc6 5. c3 Bd6 6. Ne2 Nf6 7. Bf4 O-O 8.
Bxd6 Qxd6 9. h3 Ne7 10. O-O Ne4 11. Nd2 f5 12. Nf3 Ng6 13. Bc2 b6 14. Nc1 Ba6
15. Bd3 Bb7 16. Bc2 f4 17. Re1 Rae8 18. Nd3 Bc8 19. Nde5 Bf5 20. c4 c6 21. cxd5
cxd5 22. Ba4 Rc8 23. Rc1 Rxc1 24. Qxc1 Nxe5 25. dxe5 Qc5 26. Qxc5 bxc5 27. Bb3
Rd8 28. Nh4 g6 29. Nxf5 gxf5 30. Rd1 Kf8 31. Rxd5 Rxd5 32. Bxd5 Ke7 33. Kf1 c4
34. Ke2 c3 35. Bxe4 fxe4 36. bxc3 Ke6 37. g3 Kxe5 38. gxf4+ Kxf4 39. c4 a5 40.
c5 Ke5 41. c6 Kd6 42. Ke3 Kxc6 43. Kxe4 Kd6 44. Kf5 Ke7 45. Ke5 a4 46. Kd4 Kf6
47. Kc4 Kf5 48. Kb4 Kf4 49. Kxa4 Kf3 50. Kb3 Kxf2 51. a4 Kg3 52. a5 Kxh3 53. a6
1-0

[Event "16ème Open de Saint Affrique"]
[Site "Saint Affrique"]
[Date "2008.07.21"]
[Round "4.35"]
[White "Alonso, Audrey"]
[Black "Chaplin, Erik"]
[Result "0-1"]
[WhiteElo "1583"]
[BlackElo "2113"]
[PlyCount "30"]
[EventDate "2008.??.??"]

1. e4 e5 2. Nf3 Nc6 3. Bb5 d6 4. d4 Nf6 5. dxe5 Nxe4 6. Qe2 d5 7. Nbd2 Nc5 8.
O-O Be7 9. Nd4 Bd7 10. Bxc6 bxc6 11. N2b3 Nxb3 12. Nxb3 c5 13. Be3 d4 14. Bf4
Rb8 15. Qc4 {#} 15... Bb5 0-1